000 00605nab a2200193 4500
001 244442
003 OSt
005 20251006082638.0
007 tu
008 200917s2020|||||||
040 _aDE-2950
_cDE-2950
245 0 0 _aMit der Seilbahn nach Slubice?
_bVerkehr. Schon länger wird über eine weitere Brücke über die Oder diskutiert. Manchem schwebt aber such eine Seilbahn vor/
_ctme
264 _c2025
653 _aFrankfurt (Oder)
653 _aSlubice
653 _aSeilbahn
773 0 _g36. Jahrgang (2025) Nr. 229 vom 01.10.2025, S. 15 mit Foto
_tMärkische Oderzeitung
942 _2z
_cA
999 _c374046
_d374046